Statistics for 120 Degree East Meridian Countries

Click here to take the quiz!

General Stats

  • This quiz has been taken 468 times
  • The average score is 18 of 20

Answer Stats

degreescountry% Correct
China
99%
Russia
97%
Indonesia
96%
Australia
95%
10.54°Vietnam
95%
2.93°Japan
94%
12.32°Laos
94%
5.68South Korea
94%
14.36°Thailand
94%
12.38°Cambodia
93%
4.32°North Korea
93%
0.73°Malaysia
92%
0.07°Mongolia
91%
15.92°Singapore
91%
20.34°Burma
90%
0.03°Taiwan
90%
Philippines
87%
4.05°East Timor
86%
4.65°Brunei
85%
14.12°Palau
60%

Score Distribution

Percentile by Number Answered

Percent of People with Each Score

Your Score History

You have not taken this quiz